| 000 | 00458nam a2200169 a 4500 | ||
|---|---|---|---|
| 001 | BRCA_9114 | ||
| 005 | 20190320210527.0 | ||
| 008 | 051017s--------it-#######---#000-0#lat-# | ||
| 041 | _alat | ||
| 084 |
_aBE79 _b.D57 |
||
| 100 | 1 |
_aN/A _921678 |
|
| 245 | 1 | 0 | _aDissertazione V (Sin portada) |
| 300 |
_a304 p. _c19.5 x 13 cm |
||
| 500 | _aEstado físico: presenta encuadernación en pergamino con presencia del pez de plata | ||
| 902 | _aCFM | ||
| 942 |
_2lcc _cB |
||
| 999 |
_c8762 _d8762 |
||